01285 2200337 4500001002100000005001500021035002000036007000300056008004100059020002300100040002200123082001200145084001200157090001600169090002200185090001400207245025000221300003000471650007000501650006400571650004800635650007400683850001200757264004000769336002100809337003000830338002300860999002200883990002200905990002000927INLIS00000000085414720200213011946 a0010-0220000317ta200206s2009 yoi g l ind d a978-979-13554-43-8 aYOPDYOGbinderda04223a342 a342 HIM aDEP 342 HIM aCB-D.11 2009-2110 aR 342 HIM00aHimpunan undang-undang :bUU RI No. 11/2008 tentang informasi dan transaksi elektronik UU RI No. 14/2008 tentang keterbukaan informasi publik UU RI No. 37/2008 tentang Ombudsmen RI UU RI No. 40/2008 tentang penghapusan diskriminasi ras dan etnis aviii, 70 halaman ;c20 cm 4aInformasi dan Transaksi Elektronik--xUndang-undang dan peraturan 4aKeterbukaan Informasi Publik--xUndang-undang dan peraturan 4aOmbudsmen RI--xUndang-undang dan peraturan 4aPenghapusan Diskriminasi Ras dan Etnis--xUndang-undang dan peraturan aYOPDYOG31aYogyakarta :bPustaka Fahima,c2009 2rdacontentateks 2rdamediaatanpa perantara 2rdacarrieravolume aCB-D.11/2009-2110 aCB-D.11/2009-2110 a66010-PD/A.2020